phrase rappeur - Statistiques

Statistiques générales
  • Ce quiz a été pris 135 fois
  • Le résultat moyen est 6 sur 12
Statistiques - réponses
phrase rappeur % Correct
" en vrai si tu bé-tom, c'est que t'es con" Koba la d
90%
"ma question préférée : qu'est-ce-que j'vais faire de tout cet oseille ?" booba
88%
"les ennemis d'mes amis sont mes meilleurs amis" ninho
68%
"elle t'fais les 400 coups mais quoiqu'elle fasse t'es accro" JUL
61%
"à la Ribéry, j'mange des entrecôtes a mille cinq" naps
59%
"c'est triste à dire mais plus rien m'attriste" gims
53%
"c'est la monnaie, monnaie, monnaie, monnaie qui gâche ma vie, j'bois du Honey, Honey, j'suis khabat aux commandes du navire" zola
53%
"Ma santé pour un smic, j'prefère crever riche et solo" sch
52%
"un regard, un mytho, un sourire et le coeur qui n'veut plus se nourrir" PNL
45%
"j'vends la moula couleur Homer, ma daronne mange toujours pas de Homard" Maes
27%
"avant d'rentrer dans ton porte monnaie, faut qu'elle rentre dans ta tête" 1pliké140
17%
"se lever le tin-ma pour aller taffer, c'est pas pour les flemmards/ j'veux le salaire à messi, la soeur à neymar" Kalash criminel
12%
Aucun quiz correspondant
Distribution des résultats
% des personnes avec chaque résultat
Percentile par nombre de réponses
Votre historique - résultats
Vous n’avez pas pris ce quiz